| Tag |
First Indicator |
Second Indicator |
Subfields |
| LEADER |
00000cam a2200000 4500 |
| 001 |
in00000049163 |
| 005 |
20151007065702.0 |
| 008 |
740905s1949 ilu 00000 eng u |
| 010 |
|
|
|a 49010907
|
| 035 |
|
|
|a (OCoLC)00998670
|
| 035 |
|
|
|9 AAE2481AM
|
| 040 |
|
|
|c ITD
|d TXA
|d UtOrBLW
|
| 041 |
1 |
|
|a eng
|a ger
|
| 049 |
|
|
|a TXAM
|c [195399]
|
| 050 |
0 |
0 |
|a Q175
|b .W5117
|
| 082 |
0 |
|
|a 504
|
| 092 |
|
|
|a 504
|b W436h
|
| 100 |
1 |
|
|a Weizsäcker, Carl Friedrich,
|c Freiherr von,
|d 1912-2007.
|
| 245 |
1 |
4 |
|a The history of nature /
|c [Tr. by Fred D. Wieck.
|
| 264 |
|
1 |
|a Chicago] :
|b University of Chicago Press,
|c [1949]
|
| 300 |
|
|
|a vi, 191 pages :
|b 8 plates ;
|c 20 cm.
|
| 336 |
|
|
|a text
|b txt
|2 rdacontent
|
| 337 |
|
|
|a unmediated
|b n
|2 rdamedia
|
| 338 |
|
|
|a volume
|b nc
|2 rdacarrier
|
| 650 |
|
0 |
|a Science
|x Philosophy.
|
| 999 |
|
|
|a MARS
|
| 999 |
f |
f |
|s 9bbbac5a-5fba-39b1-ac29-3da17a828327
|i b6c4d34b-15e5-37eb-b869-1c2e31455d15
|t 0
|
| 952 |
f |
f |
|p ric
|a Texas A&M University
|b Rellis Campus
|c Joint Library Facility
|d Remote Storage
|t 0
|e Q175 .W5117
|h Library of Congress classification
|i unmediated -- volume
|m A14800893434
|
| 998 |
f |
f |
|a Q175 .W5117
|t 0
|l Remote Storage
|